Представление документа в формате RUSMARC

ПолеНазваниеЗначение
  Тип записи a
  Библиографический уровень m
001 Контрольный номер RU\bookru\bibl\920533
003 Постоянный идентификатор записи http://www.book.ru/book/920533
005 Дата корректировки 20161026112537.9
010 Индекс ISBN __
a ISBN 978-5-406-03128-5
100 Данные общей обработки 0_
a Данные общей обработки 20160901d2016 mk y0rusy50 ca
101 Язык документа 0_
a Язык текста Русский
102 Страна публикации __
a Страна публикации RU
105 Кодированные данные (монография) __
a Кодированные данные (монография) y ||||000yy
200 Заглавие и сведения об ответственности 1_
a Заглавие Государственное регулирование экономики (для бакалавров)
210 Выходные данные __
a Место издания Москва
c Издательство КноРус
d Дата издания 2016
215 Физическое описание __
a Объем 238
330 Аннотация __
a Аннотация Содержит базовые сведения о государственном регулировании экономики. Отражены достижения современной теории и практики государственного регулирования рыночной экономики. Особое внимание уделено специфике и перспективным формам государственного предпринимательства, приоритетным задачам государственной социальной, бюджетной, денежно-кредитной, инвестиционной политики. Соответствует Федеральному государственному образовательному стандарту высшего профессионального образования третьего поколения. Для студентов экономических специальностей высших учебных заведений, аспирантов, научных работников, преподавателей и специалистов-практиков.
606 Тематические рубрики __
a Основная рубрика Управление и планирование экономики
2 Код системы local
608 Указатель предметных рубрик __
a Жанр/форма Учебное пособие
2 Код системы local
675 Индекс УДК __
a Индекс УДК 338(075.8)
z Язык издания rus
686 Индексы других классификаций __
a Классификационный индекс 65.050.2я73
2 Код системы rubbk
700 Автор _1
a Фамилия Рисин И.Е. под ред. и др.
801 Источник записи _1
a Страна RU
b Организация book_ru
c Дата составления 20160901
g Правила каталогизации RCR
856 Электронный адрес документа 4_
u Универсальный указатель ресурса (URL) http://www.book.ru/book/920533
951 __
a http://www.book.ru/book/920533